Harry Potter Randoms Quiz Stats

 Plays Quiz not verified by Sporcle

Score 0/25 Timer 08:00
0 Plays Today
Hint Grab Bag % Correct
????
100%
????
93.2%
????
92.9%
????
92.7%
????
92.4%
????
92.4%
????
90.9%
????
90.7%
????
87.4%
????
87.4%
????
76.8%
????
76.8%
????
76.1%
Hint Grab Bag % Correct
????
72.3%
????
70.3%
????
70%
????
69.8%
????
69.5%
????
68.8%
????
67.3%
????
65.7%
????
64.2%
????
64%
????
61.5%
????
60.5%

You're not logged in!

Compare scores with friends on all Sporcle quizzes.
OR
Log In

Show Comments

Extras

Created Nov 21, 2010ReportNominate
Tags:Harry Potter Quiz, bag

Top Quizzes Today


Score Distribution

Your Account Isn't Verified!

In order to create a playlist on Sporcle, you need to verify the email address you used during registration. Go to your Sporcle Settings to finish the process.

Report this User

Report this user for behavior that violates our Community Guidelines.

Details: